000 00767nam a2200181Ia 4500
008 090124s9999 xx 000 0 und d
082 _b39248
100 _aदेशपांडे शशिकांत
245 _a कर्तृत्वाचा महामेरु डॉ. हेडगेवार
250 _a1
260 _bचंद्रकला प्रकाशन
_c1989
300 _a104
600 _aदेशपांडे शशिकांत
630 _a कर्तृत्वाचा महामेरु डॉ. हेडगेवार
700 _aदेशपांडे शशिकांत
730 _a कर्तृत्वाचा महामेरु डॉ. हेडगेवार
942 _cBOOK
999 _c105331
_d105331